Antimikrobiálna aktivita cesnaku
Saved in:
| Main Author: | |
|---|---|
| Other Authors: | |
| Format: | Manuscript Book |
| Language: | Slovak |
| Subjects: | |
| Online Access: | http://is.stuba.sk/zp/portal_zp.pl?podrobnosti=92755 |
| Tags: |
No Tags, Be the first to tag this record!
|
MARC
| LEADER | 00000ntm a22000003a 4500 | ||
|---|---|---|---|
| 001 | stuzp45714 | ||
| 003 | SK-STU | ||
| 005 | 20150617230330.4 | ||
| 007 | ta | ||
| 008 | 150427s2015----xo-----f-mn---000-0-slo-d | ||
| 040 | |a STU |b slo | ||
| 041 | 0 | |a slo | |
| 100 | 1 | |a Michalová, Lucia, |d 1992- |u 043360 |4 aut |U FCHPT Ústav biochémie, výživy a ochrany zdravia |T FCHPT Oddelenie výživy a hodnotenia potravín |X 42760 |U C3360 |Y 114 |7 42760 | |
| 242 | 0 | 1 | |a Antimicrobial Activity of Garlic |y eng |
| 245 | 1 | 0 | |a Antimikrobiálna aktivita cesnaku |
| 650 | 4 | |a inhibičná aktivita |2 slo | |
| 650 | 4 | |a Staphylococcus aureus |2 slo | |
| 650 | 4 | |a cesnak |2 slo | |
| 650 | 4 | |a Staphylococcus aureus |2 eng | |
| 650 | 4 | |a antimicrobial activity |2 eng | |
| 650 | 4 | |a garlic |2 eng | |
| 700 | 1 | |a Medveďová, Alžbeta, |d 1983- |4 ths |X 19372 |7 A000019372 | |
| 856 | 4 | |u http://is.stuba.sk/zp/portal_zp.pl?podrobnosti=92755 | |
| SQL | |a stuzp45714 |b DBP |c SLO |d Antimikrobiálna aktivita cesnaku |e 42760 |f Michalová, Lucia |g 043360 |h 19372 |i Medveďová, Alžbeta |j 20140714 |k 752 |l 04 |m http://is.stuba.sk/zp/portal_zp.pl?podrobnosti=92755 | ||